The physics of solids (Record no. 1609)
[ view plain ]
| 000 -LEADER | |
|---|---|
| fixed length control field | 00548nam a22001937a 4500 |
| 003 - CONTROL NUMBER IDENTIFIER | |
| control field | OSt |
| 005 - DATE AND TIME OF LATEST TRANSACTION | |
| control field | 20150429112109.0 |
| 008 - FIXED-LENGTH DATA ELEMENTS--GENERAL INFORMATION | |
| fixed length control field | 150428b xxu||||| |||| 00| 0 eng d |
| 020 ## - INTERNATIONAL STANDARD BOOK NUMBER | |
| International Standard Book Number | 0198503520 |
| 040 ## - CATALOGING SOURCE | |
| Transcribing agency | DDC |
| 082 ## - DEWEY DECIMAL CLASSIFICATION NUMBER | |
| Edition number | 22nd ed. |
| Classification number | 530.41 TUR 2000 |
| 100 ## - MAIN ENTRY--PERSONAL NAME | |
| Personal name | Turton, Richard |
| 9 (RLIN) | 4241 |
| 245 ## - TITLE STATEMENT | |
| Title | The physics of solids |
| 260 ## - PUBLICATION, DISTRIBUTION, ETC. (IMPRINT) | |
| Place of publication, distribution, etc. | Oxford University Press |
| Name of publisher, distributor, etc. | Oxford University Press |
| Date of publication, distribution, etc. | 2000 |
| 300 ## - PHYSICAL DESCRIPTION | |
| Extent | xi, 418p; |
| Other physical details | ill: |
| Dimensions | 25cm |
| 504 ## - BIBLIOGRAPHY, ETC. NOTE | |
| Bibliography, etc | Appendices, answers, & index included |
| 650 ## - SUBJECT ADDED ENTRY--TOPICAL TERM | |
| Topical term or geographic name as entry element | Physics of solids |
| 9 (RLIN) | 4242 |
| 942 ## - ADDED ENTRY ELEMENTS (KOHA) | |
| Source of classification or shelving scheme | Dewey Decimal Classification |
| Koha item type | Open Shelf |
| Withdrawn status | Lost status | Source of classification or shelving scheme | Damaged status | Not for loan | Home library | Current library | Date acquired | Source of acquisition | Inventory number | Total Checkouts | Full call number | Barcode | Date last seen | Koha item type | Price effective from |
|---|---|---|---|---|---|---|---|---|---|---|---|---|---|---|---|
| Dewey Decimal Classification | MUST Main Library | MUST Main Library | 28/04/2015 | 12/36785 | 530.41 TUR 2000 | 2015-1195 | 28/04/2015 | Open Shelf | |||||||
| Dewey Decimal Classification | MUST Main Library | MUST Main Library | 28/04/2015 | 14/38069 | 530.41 TUR 2000 | 2015-1196 | 28/04/2015 | Open Shelf | |||||||
| Dewey Decimal Classification | MUST Main Library | MUST Main Library | 26/04/2016 | 2007/29185 | 530.41 TUR 2000 | 2016-1367 | 26/04/2016 | Short Loan | 26/04/2016 | ||||||
| Dewey Decimal Classification | MUST Main Library | MUST Main Library | 26/04/2016 | 2001/15900 | 530.41 TUR 2000 | 2016-1368 | 26/04/2016 | Short Loan | 26/04/2016 | ||||||
| Dewey Decimal Classification | MUST Main Library | MUST Main Library | 14/11/2016 | 14/38070 | 530.41 TUR 2000 | 2016-4931 | 14/11/2016 | Open Shelf | 14/11/2016 | ||||||
| Dewey Decimal Classification | MUST Main Library | MUST Main Library | 03/04/2017 | 05/24679 | 530.41 TUR 2000 | 2017-0708 | 03/04/2017 | Open Shelf | 03/04/2017 | ||||||
| Dewey Decimal Classification | MUST Main Library | MUST Main Library | 18/06/2024 | Purchase | 05/24678 | 530.41 TUR 2000 | 2024-20788 | 18/06/2024 | Open Shelf | 18/06/2024 |
